000 00483cam a22002052a 4500
001 012681
003 AR-FADEU
008 311216n1950####xxu####################dd
092 _a823.914
_bD548m
100 _aDickens, Mariana
245 _aMariana
260 _aHarmondsworth
260 _bPenguin
260 _c1950
300 _a286 p
440 _aA Penguin book
_n4/6
650 _aLITERATURA INGLESA-SIGLO XX; NOVELA/REVISADO/
546 _aInglés
942 _cBDGR
999 _c18449
_d18449